| 000 | 00507nam a2200205Ia 4500 | ||
|---|---|---|---|
| 008 | 210210b1986 xxu||||| |||| 00| 0 eng d | ||
| 020 | _a81 204 0137 9 | ||
| 082 | _a658 BANP | ||
| 100 | _aBANERJEE (Shyamal) | ||
| 245 | _aPrinciples and practice of management | ||
| 260 |
_aNew Delhi. _bOxford & IBH Publishing Co., _c1986 |
||
| 300 | _axiii,724 | ||
| 650 | _aPrinciples | ||
| 650 | _apractice | ||
| 650 | _aof | ||
| 650 | _amanagement | ||
| 650 | _aand | ||
| 690 | _aManagement | ||
| 906 | _a039166 | ||
| 999 |
_c89525 _d89525 |
||